000
00337nam a2200133Ia 4500
008
240624s9999 xx 000 0 und d
041
_a
eng
082
_a
150 BHA
100
_a
BHANDULA PANKAJ
245
_a
DISCOVER THE POWER OF EMOTIONS
260
_c
2004
_a
New Delhi
_b
Macmillan
300
_a
vi, : 106 : p. : cm. ; 25
365
_c
RS
_b
35
999
_c
8128
_d
8128